अच्छी हिन्दी संस्क 7 (Record no. 117207)

MARC details
000 -LEADER
fixed length control field 00837nam a2200253Ia 4500
003 - CONTROL NUMBER IDENTIFIER
control field OSt
005 - DATE AND TIME OF LATEST TRANSACTION
control field 20220918111922.0
008 - FIXED-LENGTH DATA ELEMENTS--GENERAL INFORMATION
fixed length control field 220915b |||||||| |||| 00| 0 hin d
037 ## - SOURCE OF ACQUISITION
Terms of availability Textbook
040 ## - CATALOGING SOURCE
Language of cataloging hin
Original cataloging agency ARTS
Transcribing agency ARTS
041 ## - LANGUAGE CODE
Language code of text/sound track or separate title hin
100 ## - MAIN ENTRY--PERSONAL NAME
Personal name वर्म्मा, रामचन्द्र
9 (RLIN) 1672
245 #0 - TITLE STATEMENT
Title अच्छी हिन्दी संस्क 7
246 ## - VARYING FORM OF TITLE
Title proper/short title Achchhī hindī sanska 7
260 ## - PUBLICATION, DISTRIBUTION, ETC.
Place of publication, distribution, etc. बनारस
Name of publisher, distributor, etc. साहित्य रत्न माला
Date of publication, distribution, etc. 1952
300 ## - PHYSICAL DESCRIPTION
Extent 384पृ0
Dimensions cm.
490 ## - SERIES STATEMENT
Series statement साहित्य रत्नमाला; 4
942 ## - ADDED ENTRY ELEMENTS (KOHA)
Classification part P152, H9;J2
Koha item type Textbook
Source of classification or shelving scheme Colon Classification (CC)

No items available.

Copyright @ Delhi University Library System